Wszystkie państwa współczesne kontrolowane przez Greków - Statystyki

Ogólne statystyki
  • Ten quiz został rozwiązany 5 024 razy
  • Średni wynik to 46 z 49
Odpowiedzi na mapie
Odpowiedzi zakodowano w zielono-czerwonej skali na mapie do tego quizu, zgodnie z poniższymi procentami.
 
Statystyki odpowiedzi
Państwa % Poprawnych
Grecja
99%
Turcja
99%
Włochy
99%
Chorwacja
98%
Egipt
98%
Albania
97%
Bośnia i Hercegowina
97%
Bułgaria
97%
Francja
97%
Hiszpania
97%
Irak
97%
Iran
97%
Kosowo
97%
Macedonia Północna
97%
Serbia
97%
Watykan
97%
Cypr
96%
Czarnogóra
96%
Izrael
96%
Maroko
96%
Rosja
96%
Rumunia
96%
San Marino
96%
Słowenia
96%
Szwajcaria
96%
Algieria
95%
Arabia Saudyjska
95%
Tunezja
95%
Ukraina
95%
Afganistan
94%
Gruzja
94%
Indie
94%
Monako
94%
Pakistan
94%
Armenia
93%
Libia
93%
Syria
93%
Portugalia
92%
Kazachstan
91%
Liban
91%
Tadżykistan
91%
Turkmenistan
91%
Jordania
90%
Uzbekistan
90%
Kirgistan
89%
Nepal
89%
Kuwejt
84%
Azerbejdżan
78%
Malta
76%
Nie znaleziono quizów pasujących do podanych kryteriów
Rozkład punktacji
Procent ludzi z każdym wynikiem
Percentyl według liczby udzielonych odpowiedzi
Twoja historia wyników
Nie rozwiązałeś tego quizu